Architecture and Beauty : conversations with architects about a troubled relationship

Saved in:
Bibliographic Details
Format: Book
Language:English
Published: Chichester : Wiley, 2010
Edition:5. vyd
Tags: Add Tag
No Tags, Be the first to tag this record!

MARC

LEADER 00000nam a22000003a 4500
001 stu207460
005 20141123080528.1
008 100714s2010------------------------eng-d
020 |a 978-0-470-99784-0 
040 |a STU  |b slo 
041 0 |a eng 
245 |a Architecture and Beauty :  |b conversations with architects about a troubled relationship 
250 |a 5. vyd 
260 |a Chichester :  |b Wiley,  |c 2010 
300 |a 264 s 
996 |b 284AU04498  |c A*7006 U  |l AAKNAR  |s A  |a 24  |w stu207460_0001